Die Konzeption des Erbrechts in der Tschechischen Republik = The concept of inheritance in Czech law /
| Hlavní autor: | Schelle, Karel, 1952-2026 |
|---|---|
| Další autoři: | Schelleová, Ilona, 1954- |
| Jazyk: | Němčina Čeština Angličtina |
| Vydáno: |
[München] : GRIN, 2010 |
| Vydání: | 1. Aufl. |
| Témata: | |
| Fyzický popis: |
90 s. ; 21 cm |
| Language note: |
Český text, část. souběžný německý a anglický text, německé a anglické resumé |
| LEADER | 01434nam a2200385 a 4500 | ||
|---|---|---|---|
| 001 | 001126067 | ||
| 003 | CZ BrMZK | ||
| 005 | 20101202110143.0 | ||
| 007 | ta | ||
| 008 | 100909s2010 gw f 000 0 cze | ||
| 020 | |a 978-3-640-53573-6 |q (brož.) | ||
| 040 | |a BOA001 |b cze | ||
| 041 | 1 | |a cze |a eng |a ger |b eng |b ger |h cze | |
| 043 | |a e-xr--- | ||
| 072 | 7 | |a 347 |x Soukromé právo |2 Konspekt |9 16 | |
| 080 | |a 347.65/.68 |2 MRF | ||
| 080 | |a (437.3) |2 MRF | ||
| 080 | |a (048.8) |2 MRF | ||
| 100 | 1 | |a Schelle, Karel, |d 1952-2026 |7 jn99240001045 |4 aut | |
| 245 | 1 | 4 | |a Die Konzeption des Erbrechts in der Tschechischen Republik = |b The concept of inheritance in Czech law / |c Karel Schele, Ilona Schelleová |
| 246 | 3 | 1 | |a Concept of inheritance in Czech law |
| 250 | |a 1. Aufl. | ||
| 260 | |a [München] : |b GRIN, |c 2010 | ||
| 300 | |a 90 s. ; |c 21 cm | ||
| 500 | |a Souběžná německá a anglická tit. s. | ||
| 500 | |a Přehled souvisejících zákonů | ||
| 504 | |a Obsahuje bibliografii | ||
| 546 | |a Český text, část. souběžný německý a anglický text, německé a anglické resumé | ||
| 650 | 0 | 7 | |a dědické právo |7 ph119691 |z Česko |2 czenas |
| 655 | 7 | |a monografie |7 fd132842 |2 czenas | |
| 700 | 1 | |a Schelleová, Ilona, |d 1954- |7 jn99240001046 |4 aut | |
| 910 | 2 | |a BOA001 |b 2-1252.128 | |
| 990 | |a BK | ||
| 991 | |b 201012 |c NOV |e n | ||
| 996 | 7 | |b 2610452010 |c 2-1252.128 |l MZK |r Sklad / do 1 hodiny |n 1 |p dar |w 001155155 |u 000010 |a 1 |e BOA001 |j MZK50 |s A | |
English
Čeština 